| 000 | 00746cam a22001691 4500 | ||
|---|---|---|---|
| 082 |
_a960 _bDEC |
||
| 100 | 1 |
_aDecle, Lionel, _950000 |
|
| 245 | 1 | 0 |
_aThree years in savage Africa, _cby Lionel Decle; with an introduction by H. M. Stanley, M.P. With 100 illustrations and 5 maps from original photographs, sketches, and surveys by the author. |
| 260 |
_aNew York, _bM.F. Mansfield, _c1898. |
||
| 300 |
_axxxi, [1], 594 p., 1 l. incl. illus., plates, map. _bfront. (port.) maps (part fold.) _c23 cm. |
||
| 526 |
_a0 _b0 _c0 _d960_000000000000000_DEC |
||
| 650 | 0 |
_aEthnology _zAfrica, East. _950001 |
|
| 650 | 0 |
_aEthnology _zAfrica, Southern. _950002 |
|
| 650 | 0 |
_aMCE _9379 |
|
| 856 | 4 | 1 | _uhttp://hdl.loc.gov/loc.gdc/scd0001.0029991611A |
| 942 |
_2ddc _cBK |
||
| 999 |
_c552736 _d552736 |
||